Dejiny Slovenska I : Od najstarších čias do roku 1848

Saved in:
Bibliographic Details
Format: Book
Language:Slovak
Published: Bratislava : SAV, 1961
Edition:1.vyd.
Tags: Add Tag
No Tags, Be the first to tag this record!

MARC

LEADER 00000nam a22000003a 4500
001 stu6744
005 20150408182037.0
008 940830s1961----cs------------------slo-d
040 |a STU  |b slo 
041 0 |a slo 
044 |a cs 
080 |a 943.7 
245 |a Dejiny Slovenska I :  |b Od najstarších čias do roku 1848 
250 |a 1.vyd. 
260 |a Bratislava :  |b SAV,  |c 1961 
300 |a 578 s 
996 |b 284EK07446  |c E*10899  |l EE0101  |s P  |a 0  |w stu6744_0001